000 00454nam a2200157 i 4500
001 125576
003 ES-MaACL
005 20230906192646.0
007 t|
008 070619s1922 gw ||||1| ger d
100 1 _aZiegler, Leopold.
_9118237
245 1 5 _aDer ewige Buddho
_b: ein tempelschriftwerk in vier unterweisung /
_cLeopold Ziegler.
260 _aDarmstadt :
_bOtto Reichl,
_c1922.
300 _a433 p. ;
_c20 cm.
852 _aES-MaACL
_jF-4626
999 _c125576
_d125576